| 000 | 00459nab a22001457 4500 | ||
|---|---|---|---|
| 003 | ES-SlBCS | ||
| 005 | 20230318143315.0 | ||
| 008 | 171121s2017 sp ||||| |||| 00| 0 spa d | ||
| 040 |
_aES-SlBCS _bspa |
||
| 041 | _aspa | ||
| 100 | 1 |
_aOliveira, Cleide Maria de _9111982 |
|
| 245 | 1 | 0 |
_aAlgunas reflexiones sobre la poética de Adélia Prado _cCleide Maria de Oliveira |
| 773 | 0 |
_gNúm. 373, 2017, págs. 157-163 _tConcilium _wRev134 _x0210-1041 |
|
| 942 |
_2lcc _cAR |
||
| 999 |
_c474331 _d474331 |
||